<?xml version="1.0" encoding="UTF-8"?>
<collection xmlns="http://www.loc.gov/MARC21/slim">
 <record>
  <leader>01526nam a22003377a 4500</leader>
  <controlfield tag="001">000000436</controlfield>
  <controlfield tag="003">CZ-PrVSE</controlfield>
  <controlfield tag="005">20160301174841.0</controlfield>
  <controlfield tag="008">991214s1990    xxu           ||||| fre |</controlfield>
  <datafield tag="020" ind1=" " ind2=" ">
   <subfield code="a">92-1-239025-0</subfield>
   <subfield code="q">(complete set of two volumes)</subfield>
  </datafield>
  <datafield tag="020" ind1=" " ind2=" ">
   <subfield code="a">92-1-239026-9</subfield>
   <subfield code="q">(vol. I)</subfield>
  </datafield>
  <datafield tag="040" ind1=" " ind2=" ">
   <subfield code="a">ABA006</subfield>
   <subfield code="b">cze</subfield>
   <subfield code="c">ABA006</subfield>
   <subfield code="d">ABA006</subfield>
  </datafield>
  <datafield tag="080" ind1=" " ind2=" ">
   <subfield code="a">620.26</subfield>
  </datafield>
  <datafield tag="080" ind1=" " ind2=" ">
   <subfield code="a">656(100)</subfield>
  </datafield>
  <datafield tag="080" ind1=" " ind2=" ">
   <subfield code="a">341.123(XVII)</subfield>
  </datafield>
  <datafield tag="099" ind1=" " ind2="9">
   <subfield code="a">OSN/VIII</subfield>
  </datafield>
  <datafield tag="110" ind1="2" ind2=" ">
   <subfield code="a">Organizace spojených národů.</subfield>
   <subfield code="b">Evropská hospodářská komise.</subfield>
   <subfield code="b">Inland Transport Committee</subfield>
   <subfield code="7">kn20020321505</subfield>
  </datafield>
  <datafield tag="245" ind1="1" ind2="0">
   <subfield code="a">Accord européen :</subfield>
   <subfield code="b">relatif au transport international des marchandises dangereuses par route (ADR) et protocole de signature, en date, a Geneve, du 30 septembre 1957.</subfield>
   <subfield code="n">Vol. I,</subfield>
   <subfield code="p">(Annexe B avec les amendements apportés jusqu'au 1er janvier 1990) /</subfield>
   <subfield code="c">Nations Unies</subfield>
  </datafield>
  <datafield tag="260" ind1=" " ind2=" ">
   <subfield code="a">New York :</subfield>
   <subfield code="b">Nations Unies,</subfield>
   <subfield code="c">1990</subfield>
  </datafield>
  <datafield tag="300" ind1=" " ind2=" ">
   <subfield code="a">xxi, 462 s. :</subfield>
   <subfield code="b">il.</subfield>
  </datafield>
  <datafield tag="610" ind1="2" ind2="7">
   <subfield code="a">Organizace spojených národů</subfield>
   <subfield code="7">kn20010711348</subfield>
   <subfield code="2">czenas</subfield>
  </datafield>
  <datafield tag="650" ind1="0" ind2="7">
   <subfield code="a">mezinárodní doprava</subfield>
   <subfield code="7">ph115279</subfield>
   <subfield code="2">czenas</subfield>
  </datafield>
  <datafield tag="650" ind1="0" ind2="7">
   <subfield code="a">přeprava nebezpečného nákladu</subfield>
   <subfield code="7">ph137279</subfield>
   <subfield code="2">czenas</subfield>
  </datafield>
  <datafield tag="655" ind1=" " ind2="7">
   <subfield code="a">právní předpisy</subfield>
   <subfield code="7">fd133151</subfield>
   <subfield code="2">czenas</subfield>
  </datafield>
  <datafield tag="650" ind1="0" ind2="9">
   <subfield code="a">foreign traffic</subfield>
   <subfield code="2">eczenas</subfield>
  </datafield>
  <datafield tag="650" ind1="0" ind2="9">
   <subfield code="a">transportation of hazardous substances</subfield>
   <subfield code="2">eczenas</subfield>
  </datafield>
  <datafield tag="655" ind1=" " ind2="9">
   <subfield code="a">legal regulations</subfield>
   <subfield code="2">eczenas</subfield>
  </datafield>
  <datafield tag="993" ind1=" " ind2=" ">
   <subfield code="a">006907971</subfield>
  </datafield>
  <datafield tag="996" ind1=" " ind2=" ">
   <subfield code="1">PDPZ0</subfield>
   <subfield code="3">E30212/1</subfield>
   <subfield code="4">PC=1581/90</subfield>
   <subfield code="5">3142101464</subfield>
   <subfield code="8">20030807</subfield>
   <subfield code="9">OSN/VIII</subfield>
   <subfield code="f">95</subfield>
   <subfield code="l">UEP01</subfield>
   <subfield code="m">BOOK</subfield>
   <subfield code="q">Knihovna Žižkov depoz. 0</subfield>
   <subfield code="t">prezenční - lze objednat</subfield>
   <subfield code="u">UEP01</subfield>
   <subfield code="w">20030918</subfield>
  </datafield>
 </record>
</collection>
